Cinética de la desgasificación del café tostado
Đã lưu trong:
| Tác giả chính: | |
|---|---|
| Tác giả khác: | |
| Định dạng: | Sách |
| Ngôn ngữ: | Spanish |
| Được phát hành: |
San José, Costa Rica,
2020
|
| Những chủ đề: | |
| Truy cập trực tuyến: | https://cedi.ucr.ac.cr/biosistemas/cinetica-de-la-desgasificacion-del-cafe-tostado/ |
| Các nhãn: |
Thêm thẻ
Không có thẻ, Là người đầu tiên thẻ bản ghi này!
|
MARC
| LEADER | 00000nam a2200000Ia 4500 | ||
|---|---|---|---|
| 003 | 013279 | ||
| 005 | 20230516161612.0 | ||
| 008 | 140114s2020 cr a 000 ||spa d | ||
| 040 | |c cru CEDI | ||
| 100 | |a Murillo Jiménez, Daniel Arturo, 1990- |9 290 | ||
| 245 | |a Cinética de la desgasificación del café tostado | ||
| 260 | |a San José, Costa Rica, |c 2020 | ||
| 500 | |a Proyecto de graduación (licenciatura en ingeniería agrícola y de biosistemas)--Universidad de Costa Rica. Facultad de Ingeniería. Escuela de Ingeniería de Biosistemas | ||
| 501 | |a Director de Proyecto de Graduación: Ing. Guillermo Asdrúbal Vargas Elías, D.Sc | ||
| 650 | |x CAFE - INVESTIGACIONES |x DIOXIDO DE CARBONO - MEDICIONES |x TEORIA CINETICA DE LOS GASES |x CAFE - EFECTO DE LA TEMPERATURA - MODELOS MATEMATICOS | ||
| 700 | |9 291 |a Vargas Elías, Guillermo Asdrúbal, 1970- |d Director del TFG | ||
| 856 | |u https://cedi.ucr.ac.cr/biosistemas/cinetica-de-la-desgasificacion-del-cafe-tostado/ |y https://cedi.ucr.ac.cr/biosistemas/cinetica-de-la-desgasificacion-del-cafe-tostado/ | ||
| 942 | |c CEDI |2 ddc | ||
| 999 | |c 12942 |d 12942 | ||
